Molecular Biotechnology : Principles and Applications of Recombinant DNA (Record no. 246897)
[ view plain ]
| 000 -LEADER | |
|---|---|
| fixed length control field | 00506nam a2200193Ia 4500 |
| 008 - FIXED-LENGTH DATA ELEMENTS--GENERAL INFORMATION | |
| fixed length control field | 240913s9999||||xx |||||||||||||| ||und|| |
| 082 ## - DEWEY DECIMAL CLASSIFICATION NUMBER | |
| -- | 660.6 Q8 |
| 100 ## - MAIN ENTRY--PERSONAL NAME | |
| Personal name | Glick,Bernard R |
| 245 #0 - TITLE STATEMENT | |
| Title | Molecular Biotechnology : Principles and Applications of Recombinant DNA |
| 250 ## - EDITION STATEMENT | |
| Edition statement | 5th |
| 260 ## - PUBLICATION, DISTRIBUTION, ETC. (IMPRINT) | |
| Date of publication, distribution, etc | 2018 |
| Name of publisher, distributor, etc | ASM |
| 500 ## - GENERAL NOTE | |
| General note | REFERENCE |
| 650 ## - SUBJECT ADDED ENTRY--TOPICAL TERM | |
| Topical term or geographic name as entry element | Bio Medical |
| 700 ## - ADDED ENTRY--PERSONAL NAME | |
| Personal name | Patten,Cheryl L |
| 942 ## - ADDED ENTRY ELEMENTS (KOHA) | |
| Item type | Reference |
| Withdrawn status | Lost status | Damaged status | Permanent location | Current location | Shelving location | Date acquired | Source of acquisition | Cost, normal purchase price | Full call number | Barcode | Date last seen | Koha item type |
|---|---|---|---|---|---|---|---|---|---|---|---|---|
| CENTRAL LIBRARY, NOORUL ISLAM CENTRE FOR HIGHER EDUCATION | CENTRAL LIBRARY, NOORUL ISLAM CENTRE FOR HIGHER EDUCATION | 07/30/2019 | Calicut Book, Kuthiravattom | 3495.00 | 660.6 Q8 | 80549 | 09/13/2024 | Reference |
